=LDR 00000nam 2200000 4500 =005 $a 20260702130519 =008 $a 260702###########################0#ind## =022 ##$$a 979-538-140-7 =035 ##$$a 0010-0726000005 =082 ##$$a 658.001 =084 ##$$a 658.001 KAR t =100 #$$a Karhi Nisjar =245 ##$$a Teori Sistem dan Pendekatan Sistem dalam Bidang Manajemen $b - $c Karhi Nisjar, Winardi =247 ##$$a =260 ##$$a Bandung $b Bandar Maju $c 1997 =300 ##$$a xii ,200 halaman $b ilus $c 21 cm $e =310 ##$$a =321 ##$$a =520 #$$a =650 #$$a Teori Manajemen =700 #$$a Winardi =856 ##$$a Perpustakaan kemendukbangga =Wor $a 1 =001 $a INLIS000000000008556